| 000 | 00428nam a2200157Ia 4500 | ||
|---|---|---|---|
| 005 | 20250516145654.0 | ||
| 008 | 250516s9999 xx 000 0 und d | ||
| 020 | _a9781496345257 | ||
| 082 |
_a616.89 _bSAD |
||
| 100 | _aSadock, Benjamin J. | ||
| 245 | 0 | _aKaplan and sadocks concise textbook of clinical psychiatry 4ed (pb 2017) | |
| 250 | _a1 | ||
| 260 |
_bWolters Kluwer _c2017 |
||
| 300 | _a1008 pages | ||
| 942 | _cENGLISH | ||
| 999 |
_c571222 _d571222 |
||